Introduction to culture studies: (Record no. 8087)
[ view plain ]
| 000 -LEADER | |
|---|---|
| fixed length control field | 00617 a2200181 4500 |
| 010 ## - LCCN (DPL NO) | |
| LC control number | ENG-88284 |
| 020 ## - INTERNATIONAL STANDARD BOOK NUMBER | |
| Terms of availability | 55.00 |
| 035 ## - SYSTEM CONTROL NUMBER | |
| System control number | EN-71817 |
| 037 ## - SOURCE OF ACQUISITION | |
| Source of stock number/acquisition | DBAD / PUB |
| 082 14 - DEWEY DECIMAL CLASSIFICATION NUMBER | |
| Classification number | 306 |
| 100 ## - MAIN ENTRY--PERSONAL NAME | |
| Personal name | Rai, Rumina |
| 245 1# - TITLE STATEMENT | |
| Title | Introduction to culture studies: |
| Statement of responsibility, etc | by Rumina Rai [and] Kishwar Panna |
| Remainder of title | as per BMM syllabus of Mumbai University/ |
| 260 ## - PUBLICATION, DISTRIBUTION, ETC. (IMPRINT) | |
| Place of publication, distribution, etc | New Delhi |
| Name of publisher, distributor, etc | Himalaya Publishing House |
| Date of publication, distribution, etc | 2006 |
| 270 ## - ADDRESS | |
| Address | "Pooja Apartments", 4-B, Murari Lal Street, Ansari Road, Darya Ganj, |
| City | New Delhi |
| Postal code | 110 002 |
| 300 ## - PHYSICAL DESCRIPTION | |
| Extent | 93p. |
| Dimensions | 22cm ( pbk) |
| 700 ## - ADDED ENTRY--PERSONAL NAME | |
| Personal name | Panna, Kishwar |
| 942 ## - ADDED ENTRY ELEMENTS (KOHA) | |
| Institution code [OBSOLETE] | dpl |
| Item type | English Books |
| Source of classification or shelving scheme | Dewey Decimal Classification |
| Classification part | 306 |
| Call number suffix | RAI |
| Withdrawn status | Lost status | Not for loan | Collection code | Home library | Current library | Source of acquisition | Cost, normal purchase price | Full call number | Barcode | Copy number | Cost, replacement price | Koha item type |
|---|---|---|---|---|---|---|---|---|---|---|---|---|
| Not For Loan | Non-fiction | D.B.Act.Division | D.B.Act.Division | DBAD/PUB | 55.00 | 306 RAI | EN-71817 | 1 | 55.00 | English Books |
